| Tag |
First Indicator |
Second Indicator |
Subfields |
| LEADER |
00000cas a2200000 a 4500 |
| 001 |
in00001769430 |
| 005 |
20151025083617.0 |
| 006 |
m d |
| 007 |
cr an--------- |
| 008 |
021211c18809999enkar s o 0 0eng c |
| 010 |
|
|
|a 2002227227
|
| 022 |
|
|
|a 0075-4269
|
| 035 |
|
|
|a (OCoLC)ocm51205085
|
| 040 |
|
|
|a EYM
|c EYM
|d UtOrBLW
|
| 042 |
|
|
|a lcd
|
| 043 |
|
|
|a e-gr---
|
| 049 |
|
|
|a TXAM
|
| 050 |
1 |
4 |
|a DF10
|b .J8 Electronic
|
| 130 |
0 |
|
|a Journal of Hellenic studies (Online)
|
| 245 |
1 |
4 |
|a The journal of Hellenic studies.
|
| 264 |
|
1 |
|a London :
|b Published by the Council for the Society for the Promotion of Hellenic Studies,
|c 1880-
|
| 310 |
|
|
|a Annual,
|b 1940-
|
| 321 |
|
|
|a Semiannual,
|b 1880-1939
|
| 336 |
|
|
|a text
|b txt
|2 rdacontent
|
| 337 |
|
|
|a computer
|b c
|2 rdamedia
|
| 338 |
|
|
|a online resource
|b cr
|2 rdacarrier
|
| 362 |
0 |
|
|a Vol. 1 (1880)-
|
| 500 |
|
|
|a Title from title screen (viewed Dec. 12, 2002).
|
| 500 |
|
|
|a Latest issue consulted: Volume 116 (1996).
|
| 515 |
|
|
|a Vol. for 1957 issued in two parts.
|
| 530 |
|
|
|a Online version of the print publication.
|
| 538 |
|
|
|a Mode of access: World Wide Web.
|
| 580 |
|
|
|a Volumes for 1955-1957 contain unnumbered supplements: Archaeological reports, later issued separately.
|
| 500 |
|
|
|a Electronic resource.
|
| 650 |
|
0 |
|a Greek philology
|v Periodicals.
|
| 650 |
|
0 |
|a Inscriptions, Greek
|v Periodicals.
|
| 651 |
|
0 |
|a Greece
|x Antiquities
|v Periodicals.
|
| 710 |
2 |
|
|a Society for the Promotion of Hellenic Studies (London, England)
|
| 730 |
0 |
|
|a Archaeological reports (London, England : Online)
|
| 776 |
1 |
|
|t Journal of Hellenic studies
|x 0075-4269
|w (DLC) 09020515
|w (OCoLC)1754613
|
| 785 |
0 |
1 |
|t Archaeological reports (London, England : Online)
|w (DLC) 2002227388
|
| 948 |
|
|
|a cataloged
|b h
|c 2003/8/5
|d c
|e rstovall5
|f 1:13:11 pm
|
| 994 |
|
|
|a E0
|b TXA
|
| 999 |
|
|
|a MARS
|
| 999 |
f |
f |
|s 0b6f9064-e817-3a1b-95e9-a64910ee1254
|i 1dfb1fe2-8b01-3d1d-b801-9f838b5717be
|t 0
|
| 952 |
f |
f |
|a Texas A&M University
|b College Station
|c Electronic Resources
|d Available Online
|t 0
|e DF10 .J8
|g Electronic
|h Library of Congress classification
|
| 998 |
f |
f |
|a DF10 .J8
|t 0
|l Available Online
|